00291nam a2200133Ia 45000030006000000080041000060400015000471000018000622450028000802500011001082600009001195460012001280050017001400STCL150530s9999 xx 000 0 und d aSTCLcSTCL aKipling, R.C. aKipling anthology verse aFourth c1928 aEnglish20220125170935.0